000 00847nas a2200253 4500
001 BR7306131
003 BR-BrBNA
005 20231205082559.0
007 ta
008 230509b bl.|||p| |||| 00| 00por d
040 _aBR-BrBNA
_bpor
_cBiblioteca Nacional de Agricultura
041 _a(Pt)
072 _aL40
100 1 _aPaiva, O.M.
100 1 _aBorelli, V.
100 1 _aPeduti Neto, J.
245 1 _aDistancia do Torus pyloricus a Papilla duodeni major e desta a Papilla duodeni minor em bovinos de origem europeia e indiana
650 _aANATOMIA ANIMAL
650 _aBOVINO
650 _aINTESTINO
773 0 _tRevista da Faculdade de Medicina Veterinaria e Zootecnia da Universidade de Sao Paulo (Brazil)
_xISSN 0303-7525
_g(1975), v. 12 p. 27-32
_wBR7306131
909 _a202311
_bLúcia
_c55
_dLúcia Elande
942 _2AGRIS
_n0
_cANA
999 _c92981
_d92981